|
|
|
|
| LEADER |
00000nam a2200000 a 4500 |
| 001 |
vtls001171893 |
| 003 |
SK-MaSNL |
| 005 |
20260301063353.0 |
| 008 |
250414s1988 xr oa b 0000 cze |
| 035 |
|
|
|a SNK000114874
|
| 040 |
|
|
|a SNK
|b slo
|c SNK
|e AACR2
|
| 041 |
0 |
|
|a cze
|
| 044 |
|
|
|a xr
|c CZ
|
| 080 |
|
|
|a 643/645(084.12)
|2 1981
|
| 080 |
|
|
|a 728.1
|2 2001
|
| 100 |
1 |
|
|a Bárta, Jiří
|4 aut
|9 377826
|
| 245 |
1 |
0 |
|a Obývací pokoj
|c Jiří Bárta
|
| 250 |
|
|
|a 2. nezm. vyd.
|
| 260 |
|
|
|a Praha
|b Státní nakladatelství technické literatury
|c 1988
|e Bratislava
|f Pravda
|
| 300 |
|
|
|a 238, [2] s.
|b fotogr., ilustr.
|c 21 cm
|
| 490 |
0 |
|
|a Knižnice Domova
|
| 500 |
|
|
|a Obalový tit.
|
| 650 |
0 |
7 |
|a bývanie
|2 SNKPH
|9 1991
|
| 650 |
0 |
7 |
|a obývacie izby
|2 SNKPH
|9 212274
|
| 852 |
|
|
|a Slovenská národná knižnica
|
| 958 |
|
|
|a OND
|
| 999 |
|
|
|c 623778
|d 625708
|
| 952 |
|
|
|a SNK
|b SNK
|y PREZ
|7 0
|p 17A0964696
|o snkSC 74284
|0 0
|1 0
|4 0
|d 2012-09-26
|l 0
|r 2025-07-30 00:00:00
|w 2026-02-23
|
| 952 |
|
|
|t P66, <07>, [BOOK], {604}
|a SNK
|b SNK
|y VYP
|7 0
|p 17A0369588
|o snkSC 74284 D1
|i snkKIP 5412/89
|0 0
|1 0
|4 0
|d 2002-12-09
|l 0
|r 2005-01-01 00:00:00
|w 2026-02-23
|